Letter from Buckingham Palace to RICS President Mr Clement Lau (Record no. 122320)

MARC details
000 -LEADER
fixed length control field 00478nam a22001097a 4500
005 - DATE AND TIME OF LATEST TRANSACTION
control field 20260311163430.0
008 - FIXED-LENGTH DATA ELEMENTS--GENERAL INFORMATION
fixed length control field 260311s2022 xxk||||| |||| 00| 0 eng d
245 ## - TITLE STATEMENT
Title Letter from Buckingham Palace to RICS President Mr Clement Lau
260 ## - PUBLICATION, DISTRIBUTION, ETC.
Date of publication, distribution, etc. December 2022
300 ## - PHYSICAL DESCRIPTION
Other physical details Letter & envelope
520 ## - SUMMARY, ETC.
Summary, etc. Letter from Matt Magee, Deputy Private Secretary to The King thanking for king message of sympathy following the death of Queen Elizabeth II. Envelope postmarked 15 December 2022.
Holdings
Withdrawn status Lost status Damaged status Not for loan Home library Current library Shelving location Date acquired Total Checkouts Full call number Date last seen Price effective from Koha item type
        London Archives RICS Boxes 11/03/2026   RICS 2022/1 11/03/2026 11/03/2026 Archive